LIBRARY & INFORMATION CENTRE, KCAET, TAVANUR

ONLINE PUBLIC ACCESS CATALOGUE (OPAC)

Normal view MARC view
  • Shamsi, U M

Entry Personal Name

Number of records used in: 1

001 - CONTROL NUMBER

  • control field: 184

003 - CONTROL NUMBER IDENTIFIER

  • control field: OSt

005 - DATE AND TIME OF LATEST TRANSACTION

  • control field: 20141210153248.0

008 - FIXED-LENGTH DATA ELEMENTS

  • fixed length control field: 141210|| aca||aabn | a|a d

040 ## - CATALOGING SOURCE

  • Original cataloging agency: OSt
  • Transcribing agency: OSt

100 ## - HEADING--PERSONAL NAME

  • Personal name: Shamsi, U M

670 ## - SOURCE DATA FOUND

  • Source citation: Work cat.: (OSt): Shamsi, U M , GIS Applications for Water, Wastewater, and Stormwater Systems, 2005
free website counter